000 00573naa a2200217 i 4500
001 45473
003 ES-MaBCM
005 20241016104804.0
008 970307s1997 fra 000 0 fre d
021 _axx
035 _a(OCoLC)1365178675
040 _cES-MaBCM
041 0 _afre
043 _afra
100 1 _aBenoit, Aude
_94572
245 1 0 _aDivorce et prestations sociales
_cAude Benoit
650 2 7 _aDivorcio
_958431
651 4 _aFrancia
_9115364
773 0 _aEn:
_tRecueil Dalloz
_dParis : 1997
_w105307
_gnÂș 3, janv., p. 14-17. - Loc. S.334
942 _cAREV
999 _c45473
_d45473